Kabale University Library Catalogue

Birds Modern Insurance Law / (Record no. 5988)

MARC details
000 -LEADER
fixed length control field 00588nam a22002057a 4500
005 - DATE AND TIME OF LATEST TRANSACTION
control field 20260204115608.0
008 - FIXED-LENGTH DATA ELEMENTS--GENERAL INFORMATION
fixed length control field 260204b |||||||| |||| 00| 0 eng d
020 ## - INTERNATIONAL STANDARD BOOK NUMBER
International Standard Book Number 9780414125957
040 ## - CATALOGING SOURCE
Original cataloging agency KABLIB
Transcribing agency KABLIB
Description conventions rda
082 ## - DEWEY DECIMAL CLASSIFICATION NUMBER
Edition number 23
Classification number 346.08
Item number BIR
100 ## - MAIN ENTRY--PERSONAL NAME
Personal name Birds ,John
9 (RLIN) 15108
245 ## - TITLE STATEMENT
Title Birds Modern Insurance Law /
Statement of responsibility, etc. John Birds ,Katie Richards
250 ## - EDITION STATEMENT
Edition statement 13th ed.
260 ## - PUBLICATION, DISTRIBUTION, ETC.
Place of publication, distribution, etc. Croydon :
Name of publisher, distributor, etc. Thomson Reuters ,
Date of publication, distribution, etc. c2025 .
300 ## - PHYSICAL DESCRIPTION
Extent lxvii,417p. ;
Dimensions 24cm
500 ## - GENERAL NOTE
General note Includes index.
650 ## - SUBJECT ADDED ENTRY--TOPICAL TERM
Topical term or geographic name entry element law -Birds
9 (RLIN) 15109
700 ## - ADDED ENTRY--PERSONAL NAME
Personal name Richards, Katie
9 (RLIN) 15110
942 ## - ADDED ENTRY ELEMENTS (KOHA)
Source of classification or shelving scheme Dewey Decimal Classification
Koha item type Book
Holdings
Withdrawn status Lost status Source of classification or shelving scheme Damaged status Not for loan Home library Current library Shelving location Date acquired Source of acquisition Total Checkouts Full call number Barcode Date last seen Price effective from Koha item type
    Dewey Decimal Classification     Law section Law section Open Access Section 04.02.2026 purchased   346.08 BIR 14110 04.02.2026 04.02.2026 Book
    Dewey Decimal Classification     Law section Law section Open Access Section 04.02.2026 purchased   346.08 BIR 14111 04.02.2026 04.02.2026 Book
    Dewey Decimal Classification     Law section Law section Open Access Section 04.02.2026 purchased   346.08 BIR 14112 04.02.2026 04.02.2026 Book

Kabale University Library | Kabale University P.O Box 317, Kabale, Uganda
Tel : +256754017033, +256774661503 E-mail : library@kab.ac.ug